000 00627nam a2200193Ia 4500
003 GCL
008 140319s9999 xx 000 0 ara d
040 _aGCL /
_cGCL
082 0 4 _a859
_bد ث
100 1 _aديمتريوس، لوتشيا
245 1 0 _aثلاثة أجيال /
_cديمتريوس، لوتشيا
700 1 _aفتوح نشاطى (ترجمة)
300 _a144 ص
490 _aروائع المسرح الرومانى
_v0
650 0 4 _aالادب العالمى المترجم
650 0 4 _aالادب الرومانى المترجم
650 0 4 _aالمسرحيات الرومانية
942 _2ddc
_cBK
999 _c40028
_d40028